| 000 | 00779cam a2200265 4500 | ||
|---|---|---|---|
| 008 | 090401t1991 xxu||||| |||| 00| 0 eng d | ||
| 020 | _a0704903598 | ||
| 035 | _a(Sirsi) u14474 | ||
| 041 | _aeng | ||
| 050 | _a338.6042 | ||
| 100 | _aHsia, Marshall | ||
| 245 | _aCorporate location in Europe: the implications of a single market | ||
| 260 |
_aReading _bUniversity of Reading _c1991 |
||
| 300 | _a59p. ; 30cm. | ||
| 350 | _a15 | ||
| 490 | _aCEPR Working Papers in European Property | ||
| 650 | _aEUROPEAN COMMUNITY | ||
| 650 | _aLOCATION | ||
| 650 | _aMULTINATIONAL COMPANIES | ||
| 650 | _aPROPERTY MARKET | ||
| 690 | _aEUROPE-SINGLE MARKET | ||
| 710 |
_aUniversity of Reading _bCentre for European Property Research _92829 |
||
| 942 | _n0 | ||
| 948 | _c04/03/1997 | ||
| 999 |
_c87185 _d87185 |
||